Die Lieblingsnudeln der Österreicher - Statistiken

Allgemein
  • Dieses Quiz wurde 157 mal gespielt
  • Das Durchschnittsergebnis liegt bei 6 aus 13
Antwortstatistiken
Pastasorte % Korrekt
Spaghetti
98%
Penne
74%
Tagliatelle
54%
Tortellini
50%
Fusilli
48%
Farfalle
45%
Lasagne
45%
Ravioli
34%
Maccheroni
33%
Gnocchi
30%
Rigatoni
27%
Linguine
20%
Cannelloni
13%
Keine übereinstimmenden Quizze gefunden
Verteilung der Resultate
Anzahl Personen mit jedem Resultat
Perzentil nach korrekt beantworteten Fragen
Ihre Resultats-Entwicklung
Sie haben dieses Quiz noch nicht gespielt